01670nam a22001937a 4500003000400000005001700004008004100021020001800062040000800080100002900088245016100117260002300278300001100301440003100312520088000343650004501223651007401268856013401342OSt20250528164845.0250528b ||||| |||| 00| 0 eng d a9972-51-091-3 cENA aAnna, Timothy E.,d1944- aLa caída del gobierno español en el Perú :bel dilema de la Independencia / cTimothy E. Anna, traducción de Gabriela Ramosh[Recurso electrónico] aLima :bIEP,c2003 a322 p. aEstudios Históricos,n35 a¿Por qué la Independencia del Perú comenzó tan tarde en el contexto latinoamericano, y por qué costó tanto conseguirse, hasta el punto que tuvieran que venir los ejércitos de San Martín y de Bolívar y hasta marinos ingleses? Esta es una pregunta que sistemáticamente ha acechado a la historiografía peruana, y para la que Timothy E. Anna, tiene en este libro una perspectiva novedosa: la que estudia la aparición de la nueva nación, desde la óptica de los últimos virreyes españoles que de forma desesperada, pero a veces también exitosa, intentaron resistir el embate emancipador concentrado en el último período en el viejo virreinato de Lima. De este modo, el historiador canadiense logra superar la dicotomía entre la independencia “concedida” o “conseguida”, que caracterizó a la historiografía peruana sobre el tema.  aEconomía xHistoriay1808-1810zPerú aPerúxHistoria -- -Aspectos políticos.yEmancipación, 1808-1824 uhttps://archive.org/details/anna-timothy-e.-la-caida-del-gobierno-espanol-en-el-peru.-el-dilema-de-la-independencia-2003/mode/2up